Statistics for LEGO Marvel's The Avengers Characters

Click here to take the quiz!

General Stats

  • This quiz has been taken 1,469 times
  • The average score is 72 of 289

Answer Stats

Answer% Correct
Iron Man
95%
Iron Man (MK38)
95%
Iron Man (Scuba suit)
95%
Iron Man (Space suit)
95%
Captain America
91%
Captain America (A:AOU)
91%
Captain America (Bucky)
91%
Captain America (Civil War)
91%
Captain America (Classic)
91%
Captain America (Scuba suit)
91%
Captain America (Space suit)
91%
Black Widow
85%
Black Widow (A:AOU)
85%
Thor
84%
Thor (A:AOU)
84%
Hawkeye
80%
Hawkeye (A:AOU)
80%
Hawkeye (Classic)
80%
Spider-Man
80%
Spider-Man (Civil War)
80%
Loki
74%
Loki (No Helmet)
74%
Loki (Suit)
74%
Ant-Man (Classic)
69%
Ant-Man (Hank Pym)
69%
Ant-Man (Scott Lang)
69%
Scarlet Witch
69%
Scarlet Witch (Civil War)
69%
Black Panther
66%
Black Panther (Civil War)
66%
Nick Fury
66%
Nick Fury (Bazooka)
66%
Falcon
64%
Falcon (Civil War)
64%
Falcon (Classic)
64%
Quicksilver
62%
Vision
62%
Thanos
61%
Ultron (Mark 1)
61%
Ultron (Prime)
61%
Ultron (Ultimate)
61%
War Machine
56%
War Machine (Civil War)
56%
Wasp
56%
Wasp (Janet van Dyne)
56%
Winter Soldier
54%
Winter Soldier (Civil War)
54%
Maria Hill
52%
Maria Hill (A:AOU)
52%
The Hulk
52%
The Hulk (A:AOU)
52%
Odin
51%
Captain Marvel
49%
Bruce Banner
48%
Bruce Banner (A:AOU)
48%
Red Skull
48%
Agent Coulson
47%
Doctor Strange
47%
Red Hulk
47%
Abomination
45%
She-Hulk
42%
Daredevil
40%
A-Bomb
38%
Pepper Potts
38%
Pepper Potts (MK42)
38%
Thor (Jane Foster)
38%
Iron Fist
37%
Bucky Barnes
36%
Bucky Barnes (Classic)
36%
Stan Lee
36%
Tony Stark
36%
Tony Stark (A:AOU)
36%
Luke Cage
33%
Agent Carter
32%
Agent Carter (Retired)
32%
Heimdall
32%
Sif
32%
Jane Foster
30%
Steve Rogers (Boxing Gloves)
29%
M.O.D.O.K.
28%
Agent Coulson (Destroyer Gun)
26%
Jessica Jones (Jewel)
26%
Yellow Jacket
26%
Arnim Zola
25%
Arnim Zola (Classic)
25%
Captain Britain
25%
Iron Monger
25%
Iron Patriot
25%
Absorbing Man
24%
Captain America (Sam Wilson)
24%
Fandral
24%
Moon Knight
24%
Shuri
24%
Spider-Man (Miles Morales)
24%
Aldrich Killian
23%
Baron Zemo
23%
Crossbones (Civil War)
23%
Crossbones (Classic)
23%
Hawkeye (Kate Bishop)
23%
Malekith
23%
Nova
23%
Squirrel Girl (Classic)
23%
Squirrel Girl (Unbeatable)
23%
Volstagg
22%
Beta Ray Bill
21%
Hulkbuster
21%
Human Torch (Original)
21%
Mantis
21%
Rescue
21%
Thor Girl
21%
Speed
20%
Fin Fang Foom
19%
Hogun
19%
Killmonger
19%
Valkyrie
19%
A.I.M. Agent
18%
Destroyer (Minifigure)
18%
Hulk (Lou Ferrigno)
18%
Wiccan
18%
Agent Melinda May
17%
Agent Sitwell
17%
Chitauri Tourist
17%
Hank Pym
17%
Red She-Hulk
17%
The Mandarin (Classic)
17%
White Tiger
17%
America Chavez
16%
Dormammu
16%
Erik Selvig
16%
Erik Selvig (Untidy)
16%
Happy Hogan
16%
Kang the Conqueror
16%
Kurse
16%
Agent Williams
15%
Amadeus Cho
15%
Devil Dinosaur
15%
Hulkling
15%
Nebula
15%
Ronan the Accuser
15%
Taskmaster
15%
The Collector
15%
Ares
14%
Crystal
14%
Laufey
14%
Baron Wolfgang von Strucker
13%
Batroc
13%
Blue Marvel
13%
Captain Universe
13%
Cloud 9
13%
Crimson Dynamo
13%
Dum Dum Dugan
13%
Leader
13%
Moon Boy
13%
Baron Mordo
12%
Chase
12%
Grandmaster
12%
Iron Spider
12%
Mockingbird
12%
Spider Gwen
12%
The Other
12%
Agent Leo Fitz
11%
Beth
11%
Blazing Skull
11%
Butterball
11%
Damage Control
11%
Hellcat
11%
Justin Hammer
11%
Scott Lang
11%
Tigra
11%
Wizard
11%
Agent Daisy Johnson
10%
Arkon
10%
Brock Rumlow
10%
Cottonmouth
10%
Dark Elf
10%
Echo
10%
Egghead
10%
Man-Ape (M'Baku)
10%
Moondragon
10%
Ms. Marvel (Carol Danvers)
10%
Ronin
10%
Sentry
10%
Skaar
10%
Viper
10%
Wonder Man
10%
Black Goliath
9%
Dr. Helen Cho
9%
Enchantress
9%
Firebird
9%
General Ross
9%
Hazmat
9%
Iron Legion
9%
Korvac
9%
Laura Barton
9%
Ms. Marvel (Kamala Kahn)
9%
Quasar
9%
Scarlet Spider
9%
Swordsman
9%
Ulysses Klaw
9%
Union Jack
9%
X Ray
9%
Agent Jemma Simmons
8%
Bengal
8%
Clea
8%
Count Nefaria
8%
Demolition Man
8%
Doctor List
8%
Extremis Soldier
8%
Gorilla Girl
8%
Gorilla Girl (Gorilla)
8%
Grim Reaper
8%
Hyperion
8%
Iron Stan
8%
Jolt
8%
Maya Hansen
8%
Radioactive Man
8%
Spitfire
8%
Deathlocket
7%
Diamondback
7%
Ellen Brandt
7%
Executioner
7%
Finesse
7%
Hulk-Killer
7%
Iron Skull
7%
Jack of Hearts
7%
Jiaying
7%
Lightspeed
7%
Lincoln
7%
Lou Ferrigno
7%
Melter
7%
Moonstone
7%
Ragnarok
7%
Stanbuster
7%
Thunderstrike
7%
Veil
7%
Atlas
6%
Black Knight (Dane Whitman)
6%
Cassie Lang
6%
Deathlok
6%
Grant Ward
6%
Jennifer Kale
6%
Komodo
6%
Mach 5
6%
Mandarin (Trevor Slatterly)
6%
Mighty Destroyer
6%
Poundcakes
6%
Raina
6%
Songbird
6%
Squirrelbuster
6%
Superior Iron Man
6%
Ultron Sentry
6%
Agent Koenig
5%
Black Knight (Nathan Garrett)
5%
Gargoyle
5%
Harley Keener
5%
Hope van Dyne
5%
Luis Reyes
5%
Magnitron
5%
Meteorite
5%
Night Nurse
5%
Reptil
5%
Rick Jones
5%
Striker
5%
Wendigo
5%
Cal Johnson (Mr. Hyde)
4%
Citizen V
4%
Doctor Voodoo
4%
Klaue Henchman
4%
Lorelei
4%
Madame B.
4%
Ravage
4%
Tic
4%
Whirlwind
4%
White Wolf
4%
Agent Bobbie Morse
3%
Aragorn
3%
Excelsior Hulk
3%
Gordon
3%
The Protector
3%
Trauma
3%
Ultron Sentry Officer
3%
Darren Cross
2%
Detroit Steel
2%
Dora Milaje Warrior
2%
Mindless One Warrior
2%
S.H.I.E.L.D. Scientist
2%
Techno
2%
Valinor
2%
Warbird
2%

Score Distribution

Percentile by Number Answered

Percent of People with Each Score

Your Score History

You have not taken this quiz